On freedom / (Record no. 8633)
[ view plain ]
| 000 -LEADER | |
|---|---|
| fixed length control field | 01289nam a22002177a 4500 |
| 003 - CONTROL NUMBER IDENTIFIER | |
| control field | GBCCL |
| 005 - DATE AND TIME OF LATEST TRANSACTION | |
| control field | 20241126110654.0 |
| 008 - FIXED-LENGTH DATA ELEMENTS--GENERAL INFORMATION | |
| fixed length control field | 210510b ||||| |||| 00| 0 eng d |
| 020 ## - INTERNATIONAL STANDARD BOOK NUMBER | |
| International Standard Book Number | 0268015023 |
| 020 ## - INTERNATIONAL STANDARD BOOK NUMBER | |
| International Standard Book Number | 9780268015022 |
| 040 ## - CATALOGING SOURCE | |
| Transcribing agency | GBC |
| 082 ## - DEWEY DECIMAL CLASSIFICATION NUMBER | |
| Classification number | 123.5 |
| Item number | ONF |
| 245 ## - TITLE STATEMENT | |
| Title | On freedom / |
| Statement of responsibility, etc. | edited by Leroy S. Rouner. |
| 260 ## - PUBLICATION, DISTRIBUTION, ETC. | |
| Place of publication, distribution, etc. | Notre Dame, Ind. : |
| Name of publisher, distributor, etc. | University of Notre Dame Press, |
| Date of publication, distribution, etc. | ©1989. |
| 300 ## - PHYSICAL DESCRIPTION | |
| Extent | xv, 200 pages ; |
| Other physical details | 24 cm. |
| 490 ## - SERIES STATEMENT | |
| Series statement | Boston University studies in philosophy and religion, |
| Volume/sequential designation | v. 10. |
| 505 ## - FORMATTED CONTENTS NOTE | |
| Formatted contents note | Incarnation and determinate freedom / Nicholas Lash --<br/>Is Protestantism the "religion of freedom"? / Jürgen Moltmann --<br/>Freedom, the self, and the other / David W. Tracy --<br/>Freedom, tolerance, and Puritan commitment / Robert C. Neville --<br/>Freedom as self-determination / John E. Smith --<br/>Freedom and the State / Frithjof Bergmann --<br/>Science, theology, and freedom: a new look at the Galileo case / James R. Langford --<br/>Freedom as action in Indian philosophy / J.N. Mohanty --<br/>Social structures and structural ethics / Louis Dupré --<br/>Evading the shadows: Freedom and the social world / Ruth L. Smith --<br/>Mass death and autonomous selves / Edith Wyschogrod. |
| 650 ## - SUBJECT ADDED ENTRY--TOPICAL TERM | |
| Topical term or geographic name entry element | Freedom ( Theology ) |
| 9 (RLIN) | 10596 |
| 650 ## - SUBJECT ADDED ENTRY--TOPICAL TERM | |
| Topical term or geographic name entry element | Liberty |
| 9 (RLIN) | 4078 |
| 942 ## - ADDED ENTRY ELEMENTS (KOHA) | |
| Source of classification or shelving scheme | Dewey Decimal Classification |
| Koha item type | Books |
| Koha issues (borrowed), all copies | 3 |
| Withdrawn status | Lost status | Source of classification or shelving scheme | Damaged status | Not for loan | Home library | Current Library | Shelving location | Date acquired | Total checkouts | Full call number | Barcode | Date last seen | Date last checked out | Copy number | Price effective from | Koha item type |
|---|---|---|---|---|---|---|---|---|---|---|---|---|---|---|---|---|
| Dewey Decimal Classification | GRACE BIBLE COLLEGE | GRACE BIBLE COLLEGE | Philosophy and Religion | 2021-05-10 | 3 | 123.5 ONF | 020257 | 2025-05-01 | 2023-07-27 | v.10 | 2021-05-10 | Books |